000 00236nam a2200097Ia 4500
001 793683
005 20250826170653.0
008 250824s9999 xx 000 0 und d
245 0 _aSON NEFES
_cMICHAEL PRESCOTT
260 _bARKADYA YAYINLARI
999 _c793683
_d793683